Republic of the Fiji islands : (Record no. 6105)

MARC details
000 -LEADER
fixed length control field 00826nam a22002177i 4500
003 - CONTROL NUMBER IDENTIFIER
control field URS
005 - DATE AND TIME OF LATEST TRANSACTION
control field 20220117090653.0
008 - FIXED-LENGTH DATA ELEMENTS--GENERAL INFORMATION
fixed length control field 180326b xxu||||| |||| 00| 0 eng d
050 10 - LIBRARY OF CONGRESS CALL NUMBER
Classification number HQ 1240.5
Item number R29994 2006
245 00 - TITLE STATEMENT
Title Republic of the Fiji islands :
Remainder of title country gender assessment /
Statement of responsibility, etc. Pacific Regional Department and Regional and Sustainable Development Department, Asian Development Bank
264 #1 - PRODUCTION, PUBLICATION, DISTRIBUTION, MANUFACTURE, AND COPYRIGHT NOTICE
Place of production, publication, distribution, manufacture Philippines :
Name of producer, publisher, distributor, manufacturer Asian Development Bank,
Date of production, publication, distribution, manufacture, or copyright notice 2006
264 #4 - PRODUCTION, PUBLICATION, DISTRIBUTION, MANUFACTURE, AND COPYRIGHT NOTICE
Date of production, publication, distribution, manufacture, or copyright notice ©2006
300 ## - PHYSICAL DESCRIPTION
Extent xviii, 92 pages ;
Dimensions 28 cm
336 ## - CONTENT TYPE
Source rdacontent
Content type term text
337 ## - MEDIA TYPE
Source rdamedia
Media type term unmediated
338 ## - CARRIER TYPE
Source rdacarrier
Carrier type term volume
524 ## - PREFERRED CITATION OF DESCRIBED MATERIALS NOTE
Preferred citation of described materials note Republic of the Fiji islands : country gender assessment. (2006). Philippines: Asian Development Bank.
650 #0 - SUBJECT ADDED ENTRY--TOPICAL TERM
Topical term or geographic name entry element Women in development
Geographic subdivision Fiji.
710 #2 - ADDED ENTRY--CORPORATE NAME
Corporate name or jurisdiction name as entry element Asian Development Bank
942 ## - ADDED ENTRY ELEMENTS (KOHA)
Source of classification or shelving scheme Library of Congress Classification
Koha item type Filipiniana
Holdings
Withdrawn status Source of classification or shelving scheme Damaged status Not for loan Collection code Home library Current library Shelving location Date acquired Total Checkouts Full call number Barcode Date last seen Copy number Price effective from Koha item type
  Library of Congress Classification     Non-fiction Cardona College LIbrary Cardona College LIbrary General Stacks 03/26/2018   HQ 1240.5 R29994 2006 URSCAR-864 03/26/2018 1 03/26/2018 Filipiniana
  Library of Congress Classification     Non-fiction Cardona College LIbrary Cardona College LIbrary General Stacks 03/26/2018   HQ 1240.5 R29994 2006 URSCAR-865 03/26/2018 2 03/26/2018 Filipiniana
  Library of Congress Classification     Non-fiction Cardona College LIbrary Cardona College LIbrary General Stacks 03/26/2018   HQ 1240.5 R29994 2006 URSCAR-866 03/26/2018 3 03/26/2018 Filipiniana

University of Rizal System
Email us at univlibservices@urs.edu.ph

Visit our Website www.urs.edu.ph/library